Aktuálne smerovanie v chove koní zborník vedeckých prác

Podrobná bibliografia
Korporatívny autor: Slovenská poľnohospodárska univerzita v Nitre. Fakulta agrobiológie a potravinových zdrojov. Katedra špeciálnej zootechniky (Autor)
Ďalší autori: Halo, Marko, 1967- (Zostavovateľ, kompilátor)
Médium: Kniha
Jazyk:slovenčina
čeština
Fyzický popis:68 strán grafy, tabuľky 21 cm
Vydavateľské údaje: Nitra Slovenská poľnohospodárska univerzita v Nitre 2019
ISBN:9788055220949
Predmet:

MARC

LEADER 00000cam a2200000 4500
001 vtls011987095
003 SK-MaSNL
005 20260301225945.0
008 220509s2019 xo da fr 000 0 slo
015 |a SNBA2020/10 
020 |a 9788055220949  |q (brožované) 
035 |a urn:nbn:sk:snk-am00gkfx 
035 |a urn:nbn:sk:snk-am3j6ie 
035 |a 2C2187CB-BD1F-47B5-AE5B-D04DCDECDBA4 
040 |a SNK  |b slo  |c SNK  |e rda 
041 0 |a slo  |a cze 
044 |a xo  |c SK 
072 7 |a 636  |x Chov zvierat. Živočíšna výroba  |2 konspekt 
080 |a 636.1  |2 2011 
080 |a 636.08  |2 2011 
080 |a (082)  |2 2011 
110 2 |a Slovenská poľnohospodárska univerzita v Nitre.  |b Fakulta agrobiológie a potravinových zdrojov.  |b Katedra špeciálnej zootechniky  |4 aut  |9 123883 
245 1 0 |a Aktuálne smerovanie v chove koní  |b zborník vedeckých prác  |c zostavil: Marko Halo 
264 1 |a Nitra  |b Slovenská poľnohospodárska univerzita v Nitre  |c 2019 
300 |a 68 strán  |b grafy, tabuľky  |c 21 cm 
336 |a text  |b txt  |2 rdacontent 
337 |a bez média  |b n  |2 rdamedia 
338 |a zväzok  |b nc  |2 rdacarrier 
366 |e 80 kusov 
504 |a Obsahuje bibliografiu 
546 |a Čiastočný text v češtine 
650 0 7 |a kone  |2 SNKPH  |9 2809 
650 0 7 |a chov zvierat  |2 SNKPH  |9 2803 
650 0 7 |a Horses  |2 SNKPHeng  |9 270402 
650 0 7 |a Animal husbandry  |2 SNKPHeng  |9 266563 
655 7 |a zborníky  |2 SNKPH  |9 70165 
655 7 |a Papers of several authors  |2 SNKPH  |9 153738 
700 1 |a Halo, Marko,  |d 1967-  |4 com  |9 189050 
710 2 |a Zväz chovateľov koní na Slovensku  |4 oth  |9 357232 
919 |a 978-80-552-2094-9 
958 |a NB 
999 |c 952937  |d 954867 
952 |a SNK  |b SNK  |y PREZ  |7 0  |p 17A1429636  |o snkSC 189758  |i snk2020/14258  |8 0  |0 0  |1 0  |4 0  |d 2020-08-13  |f 1  |l 0  |r 2025-10-07 00:00:00  |w 2026-02-24 
952 |a SNK  |b SNK  |y VYP  |7 0  |p 17A1429637  |o snkSC 189758 D1  |i snk2020/14259  |8 0  |0 0  |1 0  |4 0  |d 2020-08-13  |l 0  |r 2026-02-24 09:54:11  |w 2026-02-24